000
00299nam a2200121Ia 4500
008
190216s9999||||xx |||||||||||||| ||und||
100
_a
Joan Robinson
245
0
_a
Essays In The Theory Of Economic Growth
260
_b
Macmillan India Ltd
_c
1968
300
_a
137p
650
_a
Commerce
942
_c
BK
999
_c
3925
_d
3925